| 000 | 01040cad a22002535a 4500 | ||
|---|---|---|---|
| 001 | E153473 | ||
| 008 | 110801s2009 xxk f 000 0 eng d | ||
| 020 | 1 | _a9781842195307 | |
| 035 | _a(Sirsi) u153473 | ||
| 041 | 0 | _aeng | |
| 100 | 1 | _aAdams, David | |
| 245 | 0 | 0 |
_aDiscovering property policy _ban examination of Scottish executive policy and the property sector _h[electronic resource] |
| 260 |
_aLondon _bRICS _c2009 |
||
| 490 | 0 | _aRICS Findings in Built and Rural Environments | |
| 520 | _aSuggests that property policy has a vital impact on the performance and prospects of the property industry, whether it is explicit or implicit in wider policies. Argues that we need to understand what property policy is before trying to change it. | ||
| 521 | _aAdvanced | ||
| 590 | _aKA | ||
| 651 | 4 |
_aScotland _y1999- |
|
| 690 | _aPROPERTY | ||
| 700 | 1 | _aTiesdell, Steve | |
| 700 | 1 | _aCroudance, Rob | |
| 856 | 4 | 0 |
_uhttps://www.rics.org/site/download_feed.aspx?fileID=5753&fileExtension=PDF _zBroken link - not available |
| 942 | _n0 | ||
| 999 |
_c112538 _d112538 |
||